Statistiques concernant Paroles - Le Diable ne s'habille plus en Prada - Soprano

Cliquez ici pour prendre le quiz!

Statistiques générales

  • Ce quiz a été pris 63 fois
  • Le résultat moyen est 337 sur 419

Statistiques - réponses

Paroles% Correct
en
100%
Le
100%
le
100%
diable
98%
ma
98%
m'a
98%
plus
98%
Prada
98%
s'habille
98%
mon
97%
a
95%
à
95%
de
95%
les
95%
Les
95%
et
93%
On
93%
hommes
91%
des
90%
Il
90%
lui
90%
Lui
90%
sa
90%
Je
88%
ont
88%
pris
88%
que
88%
ses
88%
son
88%
fait
86%
femme
86%
gosses
86%
Monsieur
86%
monsieur
86%
Monsieur,
86%
depuis
84%
Depuis
84%
moi
84%
moi,
84%
n'a
84%
Non,
84%
poches
83%
Sur
83%
sur
83%
mes
81%
pour
81%
un
81%
bien
79%
est
79%
j'étais
79%
J'étais
79%
job
79%
la
79%
La
79%
Avant
78%
heureux
78%
Mais
78%
mais
78%
qu'on
78%
malheur
76%
Oui
76%
oui
76%
Oui,
76%
riche
76%
du
74%
globe
74%
pire
74%
au
72%
d'emprise
72%
font
72%
avec
71%
grand
71%
malheureux
71%
bon
69%
chute
69%
Terre
69%
terre
69%
tous
69%
vraiment
69%
bonheur
67%
dépassé
67%
l'enfer
67%
L'enfer
67%
Lucifer
67%
péché
67%
tout
67%
une
67%
conseiller
66%
appel
64%
business
64%
feu
64%
n'ont
64%
changé
62%
faisait
62%
l'élève
62%
l'époque
62%
maître
62%
monde
62%
services
62%
uns
62%
véreux
62%
yeux
62%
besoin
60%
fermant
60%
fructueux
60%
vœux
60%
gros
59%
leur
59%
lieu
59%
Dieu
57%
prendre
57%
volé
57%
vous,
57%
aux
55%
d'aujourd'hui
55%
J'ai
55%
bel
53%
haut
53%
nom
53%
silencieux
53%
toujours
53%
chez
52%
folie
52%
leurs
52%
même
52%
mettre
52%
meurtrière
52%
n'est
52%
télé
52%
brûle
50%
Certains
50%
creux
50%
l'Afrique
50%
perdu
50%
beuh
48%
Internet
48%
neurones
48%
raison
48%
signait
48%
désir
47%
exercent
47%
généreux
47%
l'éducation
47%
légitime
47%
morveux
47%
pétrole
47%
restons
47%
richesse
47%
faisais
43%
vendant
43%
chiffre
41%
portefeuille
41%
pays
40%
rétrécissent
40%
J'offrais
33%
Malgrés
33%
pouvoir
31%
beaucoup
19%

Distribution des résultats

Percentile par nombre de réponses

% des personnes avec chaque résultat

Votre développement - résultats

Vous n’avez pas pris ce quiz